How children fail /

Bibliographic Details
Main Author: Holt, John Caldwell, 1923-1985
Format: Book
Language:English
Published: New York, N.Y. : Delacorte Press/Seymour Lawrence, [1982]
Edition:Rev. ed.
Subjects:

MARC

Tag First Indicator Second Indicator Subfields
LEADER 00000pam a2200000 a 4500
001 in00000081398
005 20170430035249.0
008 811204s1982 nyu 00010 eng
010 |a  81019566  
020 |a 0440038340 
020 |a 9780201484021 
035 |a (OCoLC)08109348 
035 |9 AAJ7221AM 
040 |a DLC  |c DLC  |d TXA  |d UtOrBLW 
049 |a TXAM  |c [1673162] 
050 0 0 |a LB3063  |b .H627 1982b 
082 0 |a 371.2/8  |2 19 
100 1 |a Holt, John Caldwell,  |d 1923-1985. 
245 1 0 |a How children fail /  |c John Holt. 
250 |a Rev. ed. 
264 1 |a New York, N.Y. :  |b Delacorte Press/Seymour Lawrence,  |c [1982] 
264 4 |c ©1982 
300 |a 298 pages ;  |c 21 cm. 
336 |a text  |b txt  |2 rdacontent 
337 |a unmediated  |b n  |2 rdamedia 
338 |a volume  |b nc  |2 rdacarrier 
500 |a "A Merloyd Lawrence book." 
650 0 |a Promotion (School) 
650 0 |a Underachievers. 
999 |a MARS 
999 f f |s 1b92df7a-6713-38a6-8990-9caa2f7a9768  |i c267a597-070a-3e87-b945-1336fca9a385  |t 0 
952 f f |p normal  |a Texas A&M University  |b College Station  |c Sterling C. Evans Library  |d Evans: Library Stacks  |t 0  |e LB3063 .H627 1982b  |h Library of Congress classification  |i unmediated -- volume  |m A14806162904 
998 f f |a LB3063 .H627 1982b  |t 0  |l Evans: Library Stacks